| 000 | 00489nam a2200157Ia 4500 | ||
|---|---|---|---|
| 008 | 231217s9999 xx 000 0 und d | ||
| 041 | _aEnglish | ||
| 082 | _a001.6424 MIC2;1 R | ||
| 100 | _aMicrosoft | ||
| 245 | 0 | _aMCSE : Microsoft biztalk server 2000 (exam 70-230, self -paced training kit) | |
| 260 |
_c2002 _bPHI _aNew Delhi |
||
| 300 | _axxxviii+675 | ||
| 300 | _cCD1351 | ||
| 650 | _aMCSE,:,Microsoft,biztalk,server,2000,(exam,70-230,,self,-paced,training,kit) | ||
| 942 | _cAA | ||
| 999 |
_c172123 _d172123 |
||